Riconosci il Pokémon - Quiz n°178 - Statistics

Statistiche generali
  • Questo quiz è stato fatto 12 volte
  • Il punteggio medio è 9 su 10
Statistiche sulle risposte
Indizio Risposta % Corretto
Tipo Erba
100%
Abilità Erbaiuto; Guscioscudo
100%
Generazione Quarta
100%
Altezza 1,1 m
83%
Tasso di cattura 45 (11.9%)
83%
Sesso 87.5% ♂, 12.5% ♀
83%
Peso 97 kg
83%
Pokémon Grotle
83%
Tasso di allevamento Medio-Lento
83%
Stadio evoluzione Prima evoluzione
83%
Nessun quiz corrispondente trovato
Distribuzione punteggi
Percentuale di utenti per punteggio
Percentile per numero di risposta
I tuoi punteggi nel tempo
Non hai fatto questo quiz